Nederlandse Eurovisie deelnemers 2000-2023 - Statistieken

Algemene statistieken
  • Deze quiz is 56 keer genomen
  • De gemiddelde score is 9 van 22
Antwoordstatistieken
Hint Antwoord % Correct
2016 Douwe Bob
78%
2018 Waylon
73%
2013 Anouk
71%
2019 Duncan Laurence
71%
2009 De Toppers
62%
2022 S10
62%
2015 Trijntje Oosterhuis
62%
2010 Sieneke
49%
2014 The Common Linnets
49%
2017 O'G3NE
36%
2007 Edsilia Rombley
33%
2011 3JS
31%
2012 Joan Franka
29%
2023 Mia Nicolai Dion Cooper
29%
2021 Jeangu Macrooy
27%
2005 Glennis Grace
24%
2003 Esther Hart
18%
2006 Treble
16%
2008 Hind
13%
2000 Linda Wagenmakers
13%
2001 Michelle
13%
2004 Re-union
13%
Geen overeenkomende quizzen gevonden
Scoreverdeling
Procent van Mensen met Elke Score
Percentiel versus Aantal Correcte Antwoorden
Uw Scoregeschiedenis
U heeft deze quiz nog niet genomen